000 00330nam a22001457a 4500
999 _c12242
_d12242
020 _a978-0321278982
082 _a338.2
100 _aRoger LeRoy Miller
245 _aEconomics Today: The Micro View
250 _a13th Edition
260 _aIndia
_bAddison Wesley
_c2006
300 _a584
650 _aEconomics
942 _cBK